| 000 | 00835cam a2200265 a 4500 | ||
|---|---|---|---|
| 999 |
_c126383 _d126383 |
||
| 001 | 902160 | ||
| 003 | ARRUPE | ||
| 005 | 20170411093340.0 | ||
| 008 | 810714s1980 sa 000 0 eng | ||
| 010 | _a 81117595 | ||
| 015 | _aSA*** | ||
| 020 | _a0869751972 (pbk.) | ||
| 040 |
_aDLC _cDLC _dDLC |
||
| 043 | _afs----- | ||
| 050 | 0 | 0 |
_aPR9369.3.M4 _b.W4 |
| 082 | 0 | 0 |
_a822 _219 |
| 100 | 1 |
_aMda, Zakes. _927482 |
|
| 245 | 1 | 0 |
_aWe shall sing for the fatherland / _cZakes Mda. |
| 250 | _aAbridged edition | ||
| 260 |
_aJohannesburg : _bRavan Press, _c1993 |
||
| 300 |
_a25 p. ; _c18 cm. |
||
| 505 | 0 | _aWe shall sing for the fatherland -- Dead end -- Dark voices ring. | |
| 906 |
_a7 _bcbc _corignew _d2 _encip _f19 _gy-gencatlg |
||
| 942 |
_2lcc _cMONOGRAPH |
||